| 000 | 00579nam a22001817a 4500 | ||
|---|---|---|---|
| 003 | JO-AjAnu | ||
| 005 | 20260415082847.0 | ||
| 008 | 260415b jo ||||| |||| 00| 0 ara d | ||
| 020 | _a978-614-486-214-8 | ||
| 040 |
_bARA _cJO-AjAnu |
||
| 100 |
_aشرف، فواز _eمؤلف _966933 |
||
| 245 |
_aصحب الناس قبلنا ذا الزمان _c / فواز شرف _h؛ 2021 |
||
| 250 | _aط 1 | ||
| 260 |
_aبيروت: _bالمؤسسة العربية للدراسات والنشر؛ _c2021 |
||
| 300 | _a527 صفحة | ||
| 650 | _vتاريخ العرب | ||
| 942 |
_2lcc _cBK _n0 |
||
| 999 |
_c34163 _d34163 |
||